Muslim Generals / (Record no. 565256)

000 -LEADER
fixed length control field 00346nam a2200121Ia 4500
008 - FIXED-LENGTH DATA ELEMENTS--GENERAL INFORMATION
fixed length control field 210430s9999 xx 000 0 und d
082 ## - DEWEY DECIMAL CLASSIFICATION NUMBER
Classification number 355 S5681M
100 ## - MAIN ENTRY--PERSONAL NAME
Personal name Dr. Amir Hasan Siddiqi
9 (RLIN) 54622
245 ## - TITLE STATEMENT
Title Muslim Generals /
Statement of responsibility, etc. Dr. Amir Hasan Siddiqi
260 ## - PUBLICATION, DISTRIBUTION, ETC.
Place of publication, distribution, etc. Karachi
Name of publisher, distributor, etc. Jamiyat-ul-Falah publications
Date of publication, distribution, etc. 1967
300 ## - PHYSICAL DESCRIPTION
Extent 105
942 ## - ADDED ENTRY ELEMENTS (KOHA)
Koha item type Book
Source of classification or shelving scheme
Holdings
Withdrawn status Lost status Damaged status Not for loan Collection code Permanent Location Current Location Shelving location Date acquired Total Checkouts Full call number Barcode Date last seen Price effective from Koha item type
          School of Chemical & Materials Engineering (SCME) School of Chemical & Materials Engineering (SCME) General Stacks 02/15/4   355 S5681M SCME-4545 04/30/2021 04/30/2021 Book
© 2023 Central Library, National University of Sciences and Technology. All Rights Reserved.